A journal of the voyages and travels of a corps of discovery, under the command of Capt. Lewis and Capt. Clarke of the army of the United States, from the mouth of the river Missouri through the interior parts of North America to the Pacific Ocean, during the years 1804, 1805 & 1806... /

Bibliographic Details
Main Author: Gass, Patrick, 1771-1870
Format: Book
Language:English
Subjects:

MARC

Tag First Indicator Second Indicator Subfields
LEADER 00000cam a2200000 a 4500
001 in00001683607
005 20151024134315.0
008 940908s1807 pau 000 0 eng
010 |a rc 01001491  
035 |a (OCoLC)ocm04978359 
040 |a DLC  |c DLC  |d TXA  |d UtOrBLW 
043 |a n-usp-- 
049 |a TXAM 
050 0 0 |a F592.5  |b .G2 1807 
100 1 |a Gass, Patrick,  |d 1771-1870. 
245 1 2 |a A journal of the voyages and travels of a corps of discovery, under the command of Capt. Lewis and Capt. Clarke of the army of the United States, from the mouth of the river Missouri through the interior parts of North America to the Pacific Ocean, during the years 1804, 1805 & 1806... /  |c by Patrick Gass... ; with geographical and explanatory notes by the publisher. 
246 1 8 |a Travels 
264 3 |a Pittsburgh :  |b Printed by Zadok Cramer, for David M'Keehan, publisher and proprietor,  |c 1807. 
300 |a 262 pages ;  |c 18 cm. 
336 |a text  |b txt  |2 rdacontent 
337 |a unmediated  |b n  |2 rdamedia 
338 |a volume  |b nc  |2 rdacarrier 
500 |a "Containing an authentic relation of the most interesting transactions during the expedition -- A description of the country -- And an account of its inhabitants, soil, climate, curiosities, and vegetable and animal productions."--title page. 
536 |a Cushing Library Kelsey Americana copy is a gift of David Mellor. 
500 |a On spine of slipcase: Travels. 
600 1 0 |a Gass, Patrick,  |d 1771-1870.  |t Journal of the voyages and travels of a corps of discovery. 
611 2 0 |a Lewis and Clark Expedition  |d (1804-1806) 
651 0 |a West (U.S.)  |x Discovery and exploration. 
651 0 |a Missouri River  |x Description and travel. 
651 0 |a Columbia River  |x Description and travel. 
994 |a E0  |b TXA 
948 |a cataloged  |b h  |c 2002/6/20  |d c  |e mzajicek  |f 9:01:29 am 
999 |a MARS 
999 f f |s 79d010ef-fc31-37b9-bda4-6518e1a36298  |i 13442245-361b-353d-914c-bf1c99b12339  |t 0 
952 f f |p noncirc  |a Texas A&M University  |b College Station  |c Cushing Memorial Library & Archives  |d Cushing: Kelsey Americana (Does not check out)  |t 0  |e F592.5 .G2 1807  |h Library of Congress classification  |i unmediated -- volume 
998 f f |a F592.5 .G2 1807  |t 0  |l Cushing: Kelsey Americana (Does not check out)